Epistolario de Miguel Antonio Caro y Rufino José Cuervo con Rafael Ángel de la Peña y otros mexicanos / (Record no. 173250)

MARC details
000 -LEADER
campo de control de longitud fija 01531nam a2200325 i 4500
001 - NÚMERO DE CONTROL
campo de control 173250
003 - IDENTIFICADOR DE NÚMERO DE CONTROL
campo de control ES-MaACL
005 - FECHA Y HORA DE LA ÚLTIMA TRANSACCIÓN
campo de control 20250629063145.0
008 - DATOS DE LONGITUD FIJA--INFORMACIÓN GENERAL
campo de control de longitud fija 091120s1983 ck a |||| |dspa d
080 ## - NÚMERO DE LA CLASIFICACIÓN DECIMAL UNIVERSAL
Número de la Clasificación Decimal Universal 929 Cuervo, Rufino José
080 ## - NÚMERO DE LA CLASIFICACIÓN DECIMAL UNIVERSAL
Número de la Clasificación Decimal Universal 929 Peña, Rafael Ángel de la
080 ## - NÚMERO DE LA CLASIFICACIÓN DECIMAL UNIVERSAL
Número de la Clasificación Decimal Universal 929 Caro, Miguel Antonio
100 1# - ENTRADA PRINCIPAL--NOMBRE DE PERSONA
Nombre de persona Caro, Miguel Antonio,
Fechas asociadas al nombre 1843-1909
9 (RLIN) 35400
Término indicativo de función/relación Autor
245 10 - MENCIÓN DEL TÍTULO
Título Epistolario de Miguel Antonio Caro y Rufino José Cuervo con Rafael Ángel de la Peña y otros mexicanos /
Mención de responsabilidad, etc. edición, introducción y notas de Angelina Araújo Vélez.
260 ## - PUBLICACIÓN, DISTRIBUCIÓN, ETC.
Lugar de publicación, distribución, etc. Bogotá :
Nombre del editor, distribuidor, etc. Instituto Caro y Cuervo,
Fecha de publicación, distribución, etc. 1983.
300 ## - DESCRIPCIÓN FÍSICA
Extensión 473 páginas, [28] hojas de láminas ;
Dimensiones 23 cm.
490 1# - MENCIÓN DE SERIE
Mención de serie Publicaciones del Instituto Caro y Cuervo. Archivo epistolar colombiano ;
Designación de volumen o secuencia 18
600 17 - PUNTO DE ACCESO ADICIONAL DE MATERIA--NOMBRE DE PERSONA
Nombre de persona Caro, Miguel Antonio,
Fechas asociadas al nombre 1843-1909-
Subdivisión de forma Correspondencia
9 (RLIN) 162785
600 17 - PUNTO DE ACCESO ADICIONAL DE MATERIA--NOMBRE DE PERSONA
Nombre de persona Cuervo, Rufino José,
Fechas asociadas al nombre 1844-1911-
Subdivisión general Correspondencia
9 (RLIN) 141578
600 14 - PUNTO DE ACCESO ADICIONAL DE MATERIA--NOMBRE DE PERSONA
Nombre de persona Peña, Rafael Ángel de la,
Fechas asociadas al nombre 1837-1906-
Subdivisión de forma Correspondencia
9 (RLIN) 162789
700 1# - ENTRADA AGREGADA--NOMBRE PERSONAL
Nombre de persona Cuervo, Rufino José,
Fechas asociadas al nombre 1844-1911
9 (RLIN) 42021
Término indicativo de función/relación Autor
700 1# - ENTRADA AGREGADA--NOMBRE PERSONAL
Nombre de persona Peña, Rafael Ángel de la,
Fechas asociadas al nombre 1837-1906
9 (RLIN) 160115
Término indicativo de función/relación Autor
700 1# - ENTRADA AGREGADA--NOMBRE PERSONAL
Nombre de persona Araújo Vélez, Angelina.
9 (RLIN) 160114
Término indicativo de función/relación Editor literario
710 2# - ENTRADA AGREGADA--NOMBRE DE ENTIDAD CORPORATIVA
Nombre de entidad corporativa o nombre de jurisdicción como elemento de entrada Instituto Caro y Cuervo.
9 (RLIN) 4806
Término indicativo de función/relación Editor
830 1# - PUNTO DE ACCESO ADICIONAL DE SERIE-TÍTULO UNIFORME
Título uniforme Publicaciones del Instituto Caro y Cuervo. Archivo epistolar colombiano ;
Designación de volumen o secuencia 18
9 (RLIN) 189200
852 ## - LOCALIZACIÓN
Ubicación ES-MaACL
Ubicación en estantería Depósito 2
Donativo/Legado Donat. herederos José Prat
Número de control de estantería C-57063
942 ## - ELEMENTOS DE ENTRADA SECUNDARIOS (KOHA)
Fuente del sistema de clasificación o colocación Clasificación decimal universal
Tipo de ítem Koha Libro impreso
Suprimir en OPAC No
Holdings
Estatus retirado Estado de pérdida Estado de daño No para préstamo Biblioteca de origen Biblioteca actual Ubicación en estantería Fecha de adquisición Fuente de adquisición Total de préstamos Signatura topográfica completa Código de barras Visto por última vez Precio de reemplazo Tipo de ítem Koha
        Biblioteca del Ateneo de Madrid Biblioteca del Ateneo de Madrid Depósito 2 20/11/2009     C-57063 1181790 23/02/2023 23/02/2023 Libro impreso